| 000 | 00626 a2200193 4500 | ||
|---|---|---|---|
| 010 | _aENG-86886 | ||
| 020 |
_c595.00 _a0195683188 |
||
| 035 | _aEN-70419 | ||
| 037 | _bDBAD / PUB | ||
| 082 | 1 | 4 | _a616.075 |
| 090 |
_c5612 _d5612 |
||
| 245 | 1 |
_aTextbook of oral diagnosis _cedited by S.R. Prabhu |
|
| 260 |
_aNew Delhi _bOxford University Press _c2007 |
||
| 270 |
_aYMCA Library Building, Jai Singh Road _bNew Delhi _e110 045 |
||
| 300 |
_a273 p. _c22cm (Hb) |
||
| 700 | _aPrabhu, S.R. | ||
| 942 |
_adpl _cEN _k616.075 / TEX |
||
| 999 |
_c5505 _d5505 |
||